<?xml version="1.0" encoding="UTF-8"?>
<record
    xmlns:xsi="http://www.w3.org/2001/XMLSchema-instance"
    xsi:schemaLocation="http://www.loc.gov/MARC21/slim http://www.loc.gov/standards/marcxml/schema/MARC21slim.xsd"
    xmlns="http://www.loc.gov/MARC21/slim">

  <leader>00594nam a2200205Ia 4500</leader>
  <controlfield tag="001">50128</controlfield>
  <controlfield tag="003">OSt</controlfield>
  <controlfield tag="005">20160412112647.0</controlfield>
  <controlfield tag="008">140502s9999    xx            000 0 und d</controlfield>
  <datafield tag="020" ind1=" " ind2=" ">
    <subfield code="a">969351803</subfield>
  </datafield>
  <datafield tag="040" ind1=" " ind2=" ">
    <subfield code="c">PK-LaUMT</subfield>
  </datafield>
  <datafield tag="082" ind1=" " ind2=" ">
    <subfield code="a"> 891.4393</subfield>
    <subfield code="b">SAL-A</subfield>
  </datafield>
  <datafield tag="100" ind1=" " ind2=" ">
    <subfield code="a">Salma Kanwal</subfield>
  </datafield>
  <datafield tag="245" ind1=" " ind2=" ">
    <subfield code="a">(&#x627;&#x646;&#x62F;&#x644;&#x6CC;&#x628;)Andleeb (Urdu)</subfield>
    <subfield code="c">(&#x633;&#x644;&#x645;&#x6CC; &#x6A9;&#x646;&#x648;&#x644;)Salma Kanwal</subfield>
  </datafield>
  <datafield tag="260" ind1=" " ind2=" ">
    <subfield code="a">(&#x644;&#x627;&#x6C1;&#x648;&#x631;&#x60C;&#x67E;&#x627;&#x6A9;&#x633;&#x62A;&#x627;&#x646;)Lahore,Pakistan:</subfield>
    <subfield code="b">(&#x633;&#x646;&#x6AF; &#x645;&#x6CC;&#x644; &#x67E;&#x628;&#x644;&#x6CC;&#x6A9;&#x6CC;&#x634;&#x646;&#x632;)Sang-e-Meel Publications,</subfield>
    <subfield code="c">2006</subfield>
  </datafield>
  <datafield tag="300" ind1=" " ind2=" ">
    <subfield code="a">336 p.</subfield>
  </datafield>
  <datafield tag="546" ind1=" " ind2=" ">
    <subfield code="a">UR</subfield>
  </datafield>
  <datafield tag="650" ind1=" " ind2=" ">
    <subfield code="a">Urdu literature-Novel</subfield>
  </datafield>
  <datafield tag="942" ind1=" " ind2=" ">
    <subfield code="c">BK</subfield>
    <subfield code="2">ddc</subfield>
  </datafield>
  <datafield tag="999" ind1=" " ind2=" ">
    <subfield code="c">47790</subfield>
    <subfield code="d">47790</subfield>
  </datafield>
  <datafield tag="952" ind1=" " ind2=" ">
    <subfield code="0">0</subfield>
    <subfield code="1">0</subfield>
    <subfield code="4">0</subfield>
    <subfield code="7">0</subfield>
    <subfield code="a">01</subfield>
    <subfield code="b">01</subfield>
    <subfield code="d">2014-05-02</subfield>
    <subfield code="l">11</subfield>
    <subfield code="o"> 891.4393 SAL-A</subfield>
    <subfield code="p">60217</subfield>
    <subfield code="r">2019-02-25 00:00:00</subfield>
    <subfield code="s">2019-02-11</subfield>
    <subfield code="w">2014-05-08</subfield>
    <subfield code="y">BK</subfield>
  </datafield>
</record>
